000 00486nam a2200169 i 4500
001 85946
003 ES-MaACL
005 20230906175337.0
007 t|
008 041203s1962 sp ||||1| spa d
100 1 _aKeller, Frantz.
_967761
245 1 0 _aHistoria de la esclavitud /
_cFrantz Keller ; [traducción de Javier Tomeu].
260 _aBarcelona :
_bFerma,
_c[1962]
300 _a190 p. ;
_c18 cm.
700 1 _aTomeu, Javier.
_9110553
852 _aES-MaACL
_jC-22735
_bR.51520
999 _c85946
_d85946